000 00740nam a22002775a 4500
001 15079898
003 OSt
005 20140310182135.0
008 071114s2008 nyu 000 0 eng
010 _a 2007941369
020 _a1857533704
040 _aDLC
_cDLC
050 _aBL 325
_b.M574 2002
082 _aHS 398.22
_bM47 2000
100 1 _aMersey, Daniel.
_914941
245 1 4 _aThe legendary tales and historical truths of the most notorious warriors /
_cDaniel Mersey.
260 _aNew York :
_bConway,
_cc2002.
263 _a0805
300 _a384 p. :
_c19 cm.
521 _a
526 _c
906 _a0
_bibc
_corignew
_d2
_eepcn
_f20
_gy-gencatlg
942 _2lcc
_cHS
999 _c9755
_d9755